Property Law For Dummies

Bibliographic Details
Main Author: Romero, Alan R.
Format: eBook
Language:English
Published: Hoboken: Wiley, 2013
Subjects:
Online Access:Acceso restringido

MARC

LEADER 00000nam a22000007a 4500
005 20210309214158.0
007 cr|||| ||||
008 210309s2013 us |||||s|||| 00||0 eng d
020 |a 978-1-118-50322-5 
035 |a 32440 
040 |a vLex 
090 |c 11331  |d 11331 
100 1 |a Romero, Alan R. 
245 1 0 |a Property Law For Dummies  |h [Recurso electrn̤ico] :  |c Alan R. Romero 
256 |a Servicio en ln̕ea 
260 |a Hoboken:  |b Wiley,   |c 2013 
300 |a 1 recurso electrn̤ico 
500 |a The easy way to make sense of property law Understanding property law is vital for all aspiring lawyers and legal professionals, and property courses are foundational classes within all law schools. Property Law For Dummies tracks to a typical property law course and introduces you to property law and theory, exploring different types of property interests—particularly "real property." In approachable For Dummies fashion, this book gives you a better understanding of the important property law concepts and aids in the reading and analysis of cases, statutes, and regulations. Tracks to a typical property law course Plain-English explanations make it easier to grasp property law concepts Serves as excellent supplemental reading for anyone preparing for their state's Bar Exam The information in Property Law For Dummies benefits students enrolled in a property law course as well as non-students, landlords, small business owners, and government officials, who want to know more about the ins and outs property law. 
506 1 |a Disponible solo en los productos indicados  |d vLex Global  |d vLex Global (Academic Edition, excluding Law Schools)  |d vLex Global (Academic Edition, Law Schools) 
650 0 4 |a Derecho Civil  |z Estados Unidos 
740 0 |a vLex Libros (Servicio en ln̕ea) 
856 4 0 |u http://vlex.com/source/property-law-for-dummies-32440  |z Acceso restringido 
942 |c BOOK 
999 0 |a Civil Law